[Event "5R-LV-P.D.- Sestao Bizkaialde 'B - Portugalete: 2-2"]
[Site "Bergara"]
[Date "2017.02.11"]
[Round "5.3"]
[White "Barrio Ugidos, Ibon"]
[Black "Estefano Rilova, Fernando"]
[Result "0-1"]
[WhiteElo "2048"]
[BlackElo "1861"]
[PlyCount "83"]
[EventDate "2017.01.14"]

1. e4 c5 2. Nf3 e6 3. c3 d5 4. e5 d4 5. Bb5+ Bd7 6. Qe2 Nc6 7. O-O Nge7 8. d3
Ng6 9. Nbd2 dxc3 10. Bxc6 Bxc6 11. Nc4 cxb2 12. Bxb2 b5 13. Na3 Nf4 14. Qe3
Nxd3 15. Rfd1 c4 16. Nc2 Bxf3 17. Qxf3 Qc8 18. Bd4 Be7 19. Qg3 O-O 20. h4 Qd8
21. h5 Bh4 22. Qh3 Nf4 23. Qf3 Nd5 24. g3 Bg5 25. Qg4 Qe7 26. Ne1 f5 27. exf6
Bxf6 28. Nf3 Qf7 29. Ng5 Bxg5 30. Qxg5 h6 31. Qe5 a6 32. Re1 Rfe8 33. Kg2 Nf6
34. Rac1 Qxh5 35. Qe3 Qd5+ 36. f3 Qf5 37. Be5 Rad8 38. Rcd1 Nd5 39. Qd4 Rf8 40.
f4 Qg4 41. Qa7 Rf7 42. Rf1 0-1

[Event "5R-LV-P.D.- Sestao Bizkaialde 'B - Portugalete: 2-2"]
[Site "Bergara"]
[Date "2017.02.11"]
[Round "5.3"]
[White "Oriza De Castro, Inigo"]
[Black "Ayesta Perojo, Enrique"]
[Result "1-0"]
[WhiteElo "1748"]
[BlackElo "2053"]
[PlyCount "51"]
[EventDate "2017.01.14"]

1. e4 d5 2. exd5 Qxd5 3. Nc3 Qd6 4. d4 Nf6 5. Nf3 g6 6. Bc4 Bg7 7. Bg5 O-O 8.
Qd2 a6 9. h4 b5 10. Bb3 Bf5 11. O-O-O Nbd7 12. Bf4 Qb6 13. h5 c5 14. Bd5 Nxd5
15. Nxd5 Qe6 16. dxc5 Nxc5 17. Ng5 Qd7 18. Qe3 Nd3+ 19. Rxd3 Bxd3 20. Nxe7+ Kh8
21. hxg6 Bxg6 22. Be5 h5 23. Rxh5+ Bxh5 24. Nxf7+ Kh7 25. Qe4+ Bg6 26. Qxg6#
1-0

[Event "5R-LV-P.D.- Sestao Bizkaialde 'B - Portugalete: 2-2"]
[Site "Bergara"]
[Date "2017.02.11"]
[Round "5.3"]
[White "Zabala Perez, Aritz"]
[Black "Svyatoslav, Vorobyev"]
[Result "1-0"]
[WhiteElo "2015"]
[BlackElo "1839"]
[PlyCount "69"]
[EventDate "2017.01.14"]

1. Nf3 Nf6 2. d4 e6 3. c4 b6 4. g3 Ba6 5. Qc2 c5 6. Bg2 Bb7 7. dxc5 Bxc5 8. Nc3
Nc6 9. O-O O-O 10. Rd1 Ng4 11. e3 Nb4 12. Qe2 f5 13. a3 Nc6 14. b4 Be7 15. e4
Bf6 16. Bb2 Bxc3 17. Bxc3 Qc7 18. exf5 Rxf5 19. Nh4 Rxf2 20. Qxg4 Rf7 21. Rf1
Raf8 22. Rxf7 Rxf7 23. Rf1 Ne5 24. Bxe5 Qxe5 25. Rxf7 Bxg2 26. Rxd7 Bc6 27.
Rd8+ Kf7 28. Qf4+ Qf6 29. b5 Qxf4 30. gxf4 Be4 31. Rd7+ Kf6 32. Kf2 g5 33.
fxg5+ Kxg5 34. Nf3+ Kf4 35. Rxa7 1-0

[Event "5R-LV-P.D.- San Viator - Orvina 'B 1-3"]
[Site "Bergara"]
[Date "2017.02.11"]
[Round "5.4"]
[White "Astasio Lopez, David"]
[Black "Mindeguia Guruceaga, Juan Jesu"]
[Result "0-1"]
[WhiteElo "2393"]
[BlackElo "2156"]
[PlyCount "76"]
[EventDate "2017.01.14"]

1. d4 e6 2. Nd2 c5 3. e3 d5 4. Ngf3 Nf6 5. c3 Nc6 6. Bd3 Bd6 7. O-O O-O 8. dxc5
Bxc5 9. e4 Qc7 10. exd5 exd5 11. h3 Bb6 12. Nb3 Ne4 13. Bc2 Bxh3 14. gxh3 Qg3+
15. Kh1 Qxh3+ 16. Nh2 Bc7 17. f4 Ng3+ 18. Kg1 Bb6+ 19. Nd4 Nxd4 20. cxd4 Bxd4+
21. Rf2 Bxf2+ 22. Kxf2 Qxh2+ 23. Kf3 Ne4 24. Be3 Rac8 25. Bb3 Qh3+ 26. Ke2 Qg2+
27. Kd3 Nc5+ 28. Bxc5 Qe4+ 29. Kd2 Rxc5 30. Qf1 Qd4+ 31. Ke2 Re8+ 32. Kf3 Qe3+
33. Kg2 Qd2+ 34. Kg3 Rc6 35. Kg4 Rg6+ 36. Kf5 Rf6+ 37. Kg5 h6+ 38. Kg4 Re4 0-1

[Event "5R-LV-P.D.- San Viator - Orvina 'B 1-3"]
[Site "Bergara"]
[Date "2017.02.11"]
[Round "5.4"]
[White "Sevilla Subiza, Javier"]
[Black "Albaina Alvarez, Alvaro"]
[Result "1/2-1/2"]
[WhiteElo "2088"]
[BlackElo "2054"]
[PlyCount "91"]
[EventDate "2017.01.14"]

1. d4 d5 2. c4 e6 3. Nc3 Nf6 4. cxd5 exd5 5. Bg5 Be7 6. e3 O-O 7. Bd3 Nbd7 8.
Nge2 c6 9. Ng3 Re8 10. Nf5 Nf8 11. Qf3 Bxf5 12. Qxf5 g6 13. Qf3 Ne4 14. Bf4 Bb4
15. Bxe4 dxe4 16. Qe2 Ne6 17. Bg3 Qa5 18. Qc4 c5 19. a3 cxd4 20. Qxb4 Qxb4 21.
axb4 dxc3 22. bxc3 Rac8 23. Rxa7 Rxc3 24. O-O Nd8 25. Bh4 Nc6 26. Rxb7 Rb3 27.
b5 Na5 28. Rb6 Nc4 29. Rc6 Nd2 30. Rd1 Rxb5 31. Rc2 Nb3 32. g4 Rc5 33. Rb1 Rec8
34. Rxc5 Nxc5 35. Bf6 Nd3 36. Ra1 h6 37. Kg2 g5 38. Kg3 Kh7 39. h4 Kg6 40. Bd4
gxh4+ 41. Kxh4 Rc6 42. Ra8 f6 43. Kg3 h5 44. gxh5+ Kxh5 45. Rg8 Kh6 46. Rh8+
1/2-1/2

[Event "5R-LV-P.D.- San Viator - Orvina 'B 1-3"]
[Site "Bergara"]
[Date "2017.02.11"]
[Round "5.4"]
[White "Zubizarreta Riego, Mikel"]
[Black "Monje Peinado, Roberto"]
[Result "1/2-1/2"]
[WhiteElo "1925"]
[BlackElo "2056"]
[PlyCount "78"]
[EventDate "2017.01.14"]

1. e4 c5 2. Nf3 Nc6 3. d4 cxd4 4. Nxd4 e5 5. Nb5 d6 6. N1c3 a6 7. Na3 b5 8. Nd5
Nce7 9. c4 Nxd5 10. exd5 bxc4 11. Nxc4 Nf6 12. Be3 Rb8 13. Be2 Be7 14. a4 O-O
15. O-O Qd7 16. Nb6 Qf5 17. b3 Bb7 18. Rc1 Bd8 19. Bc4 e4 20. a5 Bxb6 21. Bxb6
Nxd5 22. Bxd5 Qxd5 23. Qxd5 Bxd5 24. Rfd1 Bxb3 25. Rxd6 Rfc8 26. Rdc6 Rxc6 27.
Rxc6 Ra8 28. Kf1 Ba4 29. Rc3 Bb5+ 30. Ke1 Kf8 31. Kd2 Re8 32. Ke3 Re6 33. Bd4
Re8 34. Rc7 h6 35. Bc5+ Kg8 36. Be7 f6 37. Bc5 Kh7 38. Bd4 Kg6 39. h4 h5
1/2-1/2

[Event "5R-LV-P.D.- San Viator - Orvina 'B 1-3"]
[Site "Bergara"]
[Date "2017.02.11"]
[Round "5.4"]
[White "Blanco Sisniega, Jonas"]
[Black "Vara Del Bosque, Daniel"]
[Result "1-0"]
[WhiteElo "1767"]
[BlackElo "1575"]
[PlyCount "47"]
[EventDate "2017.01.14"]

1. e4 e5 2. Nf3 Nf6 3. Nc3 Bb4 4. Bc4 d6 5. h3 O-O 6. d3 c6 7. O-O b5 8. Bb3
Bb7 9. Ne2 Nbd7 10. c3 Ba5 11. Ng3 d5 12. Qe2 Re8 13. Nf5 Bc7 14. a4 a6 15. Bg5
Qc8 16. Nh2 dxe4 17. dxe4 c5 18. Bc2 c4 19. Ng4 Re6 20. Nxf6+ Nxf6 21. Bxf6
gxf6 22. Qg4+ Kf8 23. Qg7+ Ke8 24. Rfd1 1-0

[Event "5R-LV-P.D.- Easo - Santa Ana Siglo XXI 1-3"]
[Site "Bergara"]
[Date "2017.02.11"]
[Round "5.5"]
[White "Hernandez Sanchez, Elvis De La"]
[Black "Sesma Rubio, Patxi"]
[Result "0-1"]
[WhiteElo "2313"]
[BlackElo "2165"]
[PlyCount "118"]
[EventDate "2017.01.14"]

1. e4 e5 2. Nf3 Nc6 3. Bc4 Nf6 4. d3 h6 5. h3 d6 6. c3 g6 7. Bb3 Bg7 8. O-O O-O
9. Re1 Bd7 10. Nbd2 a5 11. Nf1 b5 12. a4 b4 13. Ne3 Rb8 14. Bc4 Kh7 15. Bb5
bxc3 16. bxc3 Ne7 17. Bxd7 Nxd7 18. Nc4 Nc6 19. Ba3 Nb6 20. Nxb6 Rxb6 21. Rb1
Qb8 22. Qc2 Bf6 23. Nd2 Qa7 24. Qa2 Kg7 25. Rxb6 Qxb6 26. Rb1 Qa6 27. Qc4 Qxc4
28. Nxc4 Ra8 29. Rb7 Bd8 30. Kf1 Kf6 31. Ke2 Ke6 32. f3 h5 33. g3 f5 34. g4
fxg4 35. fxg4 hxg4 36. hxg4 Kf6 37. Kf3 Ke6 38. Bc1 Ra6 39. Rb5 Ra8 40. Be3 Bf6
41. g5 Be7 42. d4 exd4 43. cxd4 Kd7 44. Kg3 Bf8 45. d5 Ne5 46. Nxe5+ dxe5 47.
Bd2 Be7 48. Kg4 Rf8 49. Be3 Bb4 50. Rb7 Rf1 51. Bb6 Rf4+ 52. Kg3 Rxe4 53. Rxc7+
Kd6 54. Ra7 Be1+ 55. Kf3 Rxa4 56. Ke2 Bh4 57. Bxa5 Kxd5 58. Ra8 Bxg5 59. Ra6
Bd8 0-1

[Event "5R-LV-P.D.- Easo - Santa Ana Siglo XXI 1-3"]
[Site "Bergara"]
[Date "2017.02.11"]
[Round "5.5"]
[White "Ortin Blanco, Inigo"]
[Black "Beudaert, Xavier"]
[Result "0-1"]
[WhiteElo "2147"]
[BlackElo "2275"]
[PlyCount "100"]
[EventDate "2017.01.14"]

1. d4 Nf6 2. Bg5 c5 3. Bxf6 gxf6 4. d5 Qb6 5. Qc1 Bh6 6. e3 d6 7. c4 Bf5 8. Nc3
Nd7 9. Nf3 Ne5 10. Nxe5 fxe5 11. Qd2 Rg8 12. O-O-O O-O-O 13. g3 Rdf8 14. Bd3
Bxd3 15. Qxd3 f5 16. Kb1 Qb4 17. a3 Qb3 18. Nb5 Qxd3+ 19. Rxd3 a6 20. Nc3 f4
21. exf4 exf4 22. Ne4 Kd7 23. f3 Rb8 24. Ka2 b5 25. b3 Bg7 26. Rc1 h5 27. g4
Bd4 28. g5 h4 29. h3 Be5 30. Rc2 Rb7 31. Rdd2 Rgb8 32. Rd3 Ke8 33. Rc1 Kf7 34.
Rc2 Rb6 35. Rc1 Kg6 36. Rc2 Kf5 37. Rc1 e6 38. Nd2 Kxg5 39. Rg1+ Kf6 40. Ne4+
Ke7 41. cxb5 axb5 42. dxe6 Ra6 43. Rg6 Rxa3+ 44. Kb1 c4 45. Rd5 Rxb3+ 46. Kc1
Rxf3 47. Rxe5 dxe5 48. Rf6 Re3 49. Rf7+ Kxe6 50. Ng5+ Kd6 0-1

[Event "5R-LV-P.D.- Easo - Santa Ana Siglo XXI 1-3"]
[Site "Bergara"]
[Date "2017.02.11"]
[Round "5.5"]
[White "Lakunza Oyarbide, Juan Carlos"]
[Black "Garrido Lasheras, David"]
[Result "0-1"]
[WhiteElo "2068"]
[BlackElo "2084"]
[PlyCount "118"]
[EventDate "2017.01.14"]

1. d4 b6 2. Nf3 Bb7 3. g3 e6 4. Bg2 Nf6 5. O-O Be7 6. c4 O-O 7. Nc3 Ne4 8. Qc2
Nxc3 9. Qxc3 Bf6 10. Bf4 d6 11. Qc2 g6 12. Rfd1 Nd7 13. e4 Qe7 14. e5 Bg7 15.
Bg5 Qe8 16. exd6 cxd6 17. Qd2 Nf6 18. Qf4 Ne4 19. Bh6 Qe7 20. Bxg7 Kxg7 21. Re1
Nf6 22. Rac1 Rac8 23. b4 Rc7 24. Nd2 Bxg2 25. Kxg2 Rfc8 26. Qf3 Qd7 27. Qb3 b5
28. Kg1 h5 29. Re2 bxc4 30. Rxc4 Qb5 31. Rxc7 Rxc7 32. Re1 Nd5 33. Ne4 Qxb4 34.
Qxb4 Nxb4 35. a3 Nc2 36. Rc1 d5 37. Ng5 Rc3 38. Kh1 Kf6 39. f4 a5 40. a4 Rc4
41. Kg1 Nxd4 42. Rxc4 dxc4 43. Kf2 Nb3 44. Ne4+ Ke7 45. Ke2 Kd7 46. Kd1 f5 47.
Nc3 Nd4 48. Kd2 Nf3+ 49. Ke3 Nxh2 50. Kd4 Nf1 51. Ne2 Kd6 52. Kxc4 e5 53. Kb5
Nxg3 54. fxe5+ Kxe5 55. Nxg3 f4 56. Nf1 g5 57. Kxa5 g4 58. Kb6 g3 59. Ka5 g2
0-1

[Event "5R-LV-P.D.- Easo - Santa Ana Siglo XXI 1-3"]
[Site "Bergara"]
[Date "2017.02.11"]
[Round "5.5"]
[White "Laguardia Ortega, Moises"]
[Black "Segovia Sanchez, Antonio"]
[Result "1-0"]
[WhiteElo "2025"]
[BlackElo "2053"]
[PlyCount "100"]
[EventDate "2017.01.14"]

1. e4 c6 2. d4 d5 3. Nc3 e6 4. Nf3 Nd7 5. Bd3 dxe4 6. Nxe4 Ngf6 7. Nxf6+ Nxf6
8. O-O Be7 9. c3 O-O 10. Bg5 h6 11. Bh4 b6 12. a4 Bb7 13. a5 c5 14. axb6 axb6
15. Qe2 Qd5 16. dxc5 bxc5 17. Rxa8 Bxa8 18. Rd1 Qb7 19. Ba6 Qb3 20. Ne5 Qa4 21.
Bxf6 gxf6 22. Qg4+ Qxg4 23. Nxg4 h5 24. Ne3 Bc6 25. Be2 h4 26. h3 Rb8 27. Rd2
f5 28. Nc4 Bd5 29. Ne3 Bg5 30. Bf3 Bxf3 31. gxf3 Kg7 32. Kf1 Kf6 33. Ke2 Bf4
34. Rc2 Bd6 35. Nc4 Bc7 36. Ne3 Bd6 37. Nc4 Be7 38. Ne3 Rg8 39. Rc1 Ra8 40. Ng2
Ke5 41. f4+ Kd5 42. Ne3+ Ke4 43. Ng2 Kd5 44. Ne3+ Kc6 45. Rd1 Ra4 46. Kf3 Bd6
47. Rd2 Be7 48. Rd1 Ra2 49. Rd2 Ra4 50. Rd1 Bd6 {(Bandera)} 1-0